000 00391pab a2200145 454500
008 180718b1988 xxu||||| |||| 00| 0 eng d
100 _aBhattacharya, Sudipto
245 _aCorporate finance and the legacy of millar and Modigliani
260 _c1988
300 _a135-47
362 _aFall
650 _aCorporations - Finance
773 _aJournal of Economic Perspectives
909 _a6715
999 _c6715
_d6715